000 00760nam a2200217Ia 4500
003 GCL
008 140319s9999 xx 000 0 ara d
040 _aGCL /
_cGCL
082 0 4 _a227.3
_bت م
100 1 _aعبدالصمد شرف الدين
245 1 0 _aمجموعة تفسير شيخ الاسلام ابن تيمية مع مقدمة الانجليزية /
_cعبدالصمد شرف الدين
700 1 _aابن تيمية : تقى الدين ابوالعباس احمد بن عبدالحليم
260 _a[S.N] :
_bدار الكتب المصرية ،
_c1954
300 _a501 ص
490 _a
650 0 4 _aالاسلام
650 0 4 _aالفقه الاسلامى
650 0 4 _aتفاسير
650 0 4 _aالقران
942 _2ddc
_cBK
999 _c28264
_d28264